Responses for Show #2960 - Friday, June 13, 1997

Arthur Phillips game 4.

Contestants

[<< previous game]

Mark Hein, a psychotherapist and writer from Woodland Hills, California

Evan Fletcher, a university lecturer from Davis, California

Arthur Phillips, a speechwriter from Boston, Massachusetts (whose 3-day cash winnings total $29,202)

[next game >>]

Jeopardy! Round responses

GEOGRAPHY
TELEVISION
LOVE
AMERICANS
STYLE
(Alex: Notice?)
"LOOSE" ENDS
    $100 4
France

Arthur
    $100 21
The Carol Burnett Show

Evan
    $100 11
a horse & carriage

Mark
    $100 6
(Evan: Who was Lindbergh?)

Amelia Earhart

ArthurEvan
    $100 22
the 1960s

Arthur
    $100 1
a loose tooth

Arthur
    $200 5
the Painted Desert

Mark
    $200 23
(Evan: What is Designing Women?)

Savannah

ArthurEvan
    $200 12
not war

Arthur
    $200 14
tennis

Arthur
    $200 27
plus-fours

Triple Stumper
    $200 2
loose change

Arthur
    $300 9
Macedonia

Evan
    $300 24
Chihuahua

Arthur
    $300 18
amethyst

Evan
    $300 15
Howard Hughes

Evan
    $300 28
a feather

Arthur
    $300 3
loose leaf

Evan
    $400 10
Houston

Mark
    $400 25
(Arthur: What is The Lonely Guy?)
...
(Alex: Although there are times when he is lonely!)

The Single Guy

Arthur
Triple Stumper
    $400 19
(Alex: You were correct the first way because that was a question also.)

How do I love thee?

Mark
    $400 16
Theodore Roosevelt

Arthur
    $400 29
(Mark: Who is Versace?)
(Arthur: Who is Louis Vuitton?)
...
(Alex: Arthur, we've got one last clue--betcha want to see it?)
(Arthur: Please.)

Valentino

ArthurMark
Triple Stumper
    $400 7
loose-limbed

Arthur
    $500 13
(Mark: What is Paraguay?)

Suriname

ArthurMark
    $500 26
Judd Nelson

Arthur
    $600 20
Song of Solomon

Mark
    $500 17
Deadwood, South Dakota

Triple Stumper
    $500 30
cloisonne

Mark
    $500 8
loose cannons

Arthur

Scores at the first commercial break (after clue 15):

Arthur Evan Mark
$2,300 $800 $200

Scores at the end of the Jeopardy! Round:

Arthur Evan Mark
$3,300 $1,000 $1,300

Double Jeopardy! Round responses

BIOLOGY
WORLD TRAVEL
NONFICTION
THE 18th CENTURY
MUSICAL THEATRE
UTOPIAS
(Alex: Nice places to be!)
    $200 1
sinuses

Evan
    $200 14
the Andes

Arthur
    $200 13
Monica Seles

Arthur
    $200 11
monkeys

Evan
    $200 26
Man of La Mancha

Arthur
    $200 6
Shangri-La

Arthur
    $400 2
(Mark: What are rhizomes?)

tap roots

EvanMark
    $400 15
cashews

Triple Stumper
    $400 19
Ian Fleming

Arthur
    $400 12
Rio de Janeiro

Arthur
    $400 27
The King and I

Mark
    $400 7
Plato

Mark
    $600 3
splicing

Evan
    $600 16
New Zealand

Arthur
    $600 20
Jane Fonda

Arthur
    $600 23
Venice

Evan
    $600 28
Damn Yankees

Arthur
    $600 8
Thomas More

Mark
    $800 4
a node

Mark
    $800 17
Switzerland

Arthur
    $800 21
Helter Skelter

Mark
    $2,500 24
George Berkeley

Evan
    $700 29
Brigadoon

Arthur
    $800 9
Louisa May Alcott

Mark
    $1000 5
atrophy

Mark
    $1000 18
Thailand

Triple Stumper
    $1000 22
Soul on Ice

Mark
    $1000 25
Louis XVII

Arthur
    $1000 30
Pippin

Arthur
    $1000 10
Amana

Mark

Scores at the end of the Double Jeopardy! Round:

Arthur Evan Mark
$10,200 $5,500 $7,700

[wagering suggestions for these scores]

Final Jeopardy! Round responses

SPACE EXPLORATION
EvanWhat is Mars
$5,500
MarkWhat is Jupiter?
$3,400
ArthurWhat is Jupiter
$5,201
Jupiter

Final scores:

Arthur Evan Mark
$15,401 $0 $11,100
4-day champion: $44,603 3rd place: a Goodyear Airship Eagle trip over Southern California 2nd place: a Zenith 35" big screen TV + Berkline Admiral Collection living room furniture

Game dynamics:

Coryat scores:

Arthur Evan Mark
$10,300 $3,800 $7,600
28 R
(including 1 DD),
2 W
11 R
(including 1 DD),
2 W
15 R
(including 1 DD),
3 W

Combined Coryat: $21,700

[game clues] [game scores] [suggest correction]

Game tape date: 1997-01-29
The J! Archive is created by fans, for fans. Scraping, republication, monetization, and malicious use prohibited; this site may use cookies and collect identifying information. See terms. The Jeopardy! game show and all elements thereof, including but not limited to copyright and trademark thereto, are the property of Jeopardy Productions, Inc. and are protected under law. This website is not affiliated with, sponsored by, or operated by Jeopardy Productions, Inc. Join the discussion at JBoard.tv.